logo

Bir Sreshtho Munshi Abdur Rouf Library
Jhenaidah Cadet College

Time management : (Record no. 1958)

MARC details
000 -LEADER
fixed length control field 01254nam a2200289 a 4500
001 - CONTROL NUMBER
JCCL Control Number 1958
003 - CONTROL NUMBER IDENTIFIER
JCCL marc code BD-JhCC
005 - DATE AND TIME OF LATEST TRANSACTION
control field 20171026195228.0
008 - FIXED-LENGTH DATA ELEMENTS--GENERAL INFORMATION
fixed length control field 171026s2005 maua b 001 0 eng d
020 ## - INTERNATIONAL STANDARD BOOK NUMBER
International Standard Book Number 1591396336
020 ## - INTERNATIONAL STANDARD BOOK NUMBER
International Standard Book Number 9781591396338
035 ## - SYSTEM CONTROL NUMBER
system control number (BD-JhCC)1958
040 ## - CATALOGING SOURCE
Original cataloging agency DLC
Transcribing agency DLC
Modifying agency DLC
-- BD-JhCC
041 ## - LANGUAGE CODE
Language code of Book eng
082 00 - DEWEY DECIMAL CLASSIFICATION NUMBER
Classification number 650.11
DDC Edition number 22
Author mark and Year TIM 2005
245 00 - TITLE STATEMENT
Title Time management :
Remainder of title Increase your personal productivity and effectiveness /
260 ## - PUBLICATION, DISTRIBUTION, ETC. (IMPRINT)
Place of publication, distribution, etc Boston, Mass. :
Name of publisher, distributor, etc Harvard Business School Press,
Date of publication, distribution, etc c2005.
300 ## - PHYSICAL DESCRIPTION
Pagination xx, 152 p. ;
Dimensions 24 cm.
490 1# - SERIES STATEMENT
Series statement Harvard business essentials
504 ## - BIBLIOGRAPHY, ETC. NOTE
Bibliography, etc Includes bibliographical references (p. 141-145) and index.
505 0# - FORMATTED CONTENTS NOTE
Formatted contents note Use goals as a guide : your compass to personal effectiveness -- How you spend your time : where does it go? -- Scheduling your time : start with your priorities -- Time robbers : how to defeat them -- Delegation : gaining time for you -- The time-wasting boss : how to cope -- The personal side of time : mastering work-life balance -- What companies can do to help : ideas for improving employee time management.
650 #0 - SUBJECT ADDED ENTRY--TOPICAL TERM
Topical term or geographic name as entry element Time management.
650 #0 - SUBJECT ADDED ENTRY--TOPICAL TERM
Topical term or geographic name as entry element Scheduling.
710 2# - ADDED ENTRY--CORPORATE NAME
Corporate name or jurisdiction name as entry element Harvard Business School.
942 ## - ADDED ENTRY ELEMENTS (KOHA)
Source of classification or shelving scheme Dewey Decimal Classification
Koha item type Books
Holdings
Source of classification or shelving scheme Damaged status Not for loan Home library Current library Shelving location Date of accession Total Checkouts Full call number Barcode Date last seen Copy number Koha item type
Dewey Decimal Classification     JCC Rouf Library JCC Rouf Library General Stacks 10/26/2017   650.11 TIM 2005 3324 10/26/2017 C-1 Books

JCC Library | Contacts | JCC Home

Last Update on 23 September 2017
Copyright @ 2017-2020 JCC Rouf Library
Rouf Library, Jhenidah Cadet College (JCC), Bangladesh